اصداء قلم / (رقم التسجيلة. 96664)

تفاصيل مارك
000 -LEADER
fixed length control field 007800am a2200253 004500
003 - CONTROL NUMBER IDENTIFIER
control field EG-GiCUC
008 - FIXED-LENGTH DATA ELEMENTS--GENERAL INFORMATION
fixed length control field 070526s1982 su g 000 e ara d
040 ## - CATALOGING SOURCE
Original cataloging agency EG-GiCUC
Language of cataloging ara
Transcribing agency EG-GiCUC
050 #4 - LIBRARY OF CONGRESS CALL NUMBER
Classification number PJ7538
Item number A7 1982
092 04 - LOCALLY ASSIGNED DEWEY CALL NUMBER (OCLC)
Classification number 814.9
Item number A698a
Edition number 21
099 ## - LOCAL FREE-TEXT CALL NUMBER (OCLC)
Classification number 04
-- 814.9 A698a
100 1# - MAIN ENTRY--PERSONAL NAME
Personal name عارف : محمود
245 10 - TITLE STATEMENT
Title اصداء قلم /
Statement of responsibility, etc. محمود عارف
250 ## - EDITION STATEMENT
Edition statement ط1
260 ## - PUBLICATION, DISTRIBUTION, ETC.
Place of publication, distribution, etc. جدة : المملكة العربية السعودية :
Name of publisher, distributor, etc. تهامة :
Date of publication, distribution, etc. 1982
300 ## - PHYSICAL DESCRIPTION
Extent 106ص ؛
Dimensions 24سم
440 #2 - SERIES STATEMENT/ADDED ENTRY--TITLE
Title الكتاب العربى السعودى ؛
Volume/sequential designation 60
600 10 - SUBJECT ADDED ENTRY--PERSONAL NAME
Personal name عارف : محمود
650 #7 - SUBJECT ADDED ENTRY--TOPICAL TERM
Topical term or geographic name entry element المقالات العربية
Source of heading or term qrmak
902 ## - LOCAL DATA ELEMENT B, LDB (RLIN)
No. of Items 1
905 ## - LOCAL DATA ELEMENT E, LDE (RLIN)
Cataloger عمر
Reviser مدخل
905 ## - LOCAL DATA ELEMENT E, LDE (RLIN)
Cataloger عمر
Reviser مراجع
942 ## - ADDED ENTRY ELEMENTS (KOHA)
Source of classification or shelving scheme Dewey Decimal Classification
Koha item type Books
المقتنيات
Source of classification or shelving scheme Not for loan Home library Current library Date acquired Full call number Barcode Date last seen Copy number Koha item type
Dewey Decimal Classification   المكتبة المركزبة الجديدة - جامعة القاهرة قاعة الانسانيات - الدور الثاني 11.02.2024 814.9 A68a 01000100090848000 23.09.2023 C.1 Books
Cairo University Libraries Portal Implemented & Customized by: Eng. M. Mohamady Contacts: new-lib@cl.cu.edu.eg | cnul@cl.cu.edu.eg
CUCL logo CNUL logo
© All rights reserved — Cairo University Libraries
CUCL logo
Implemented & Customized by: Eng. M. Mohamady Contact: new-lib@cl.cu.edu.eg © All rights reserved — New Central Library
CNUL logo
Implemented & Customized by: Eng. M. Mohamady Contact: cnul@cl.cu.edu.eg © All rights reserved — Cairo National University Library